000
00320nam a2200121Ia 4500
008
210430s9999 xx 000 0 und d
082
_a
370.78 K881 M
100
_a
Lokesh koul
245
_a
Methodology of educational Research /
_c
Lokesh koul
260
_a
New Delhi
_b
Shimla
_c
2007
300
_a
543p
942
_c
BK
_2
ddc
999
_c
562694
_d
562694